| 000 | 00748cab a2200241 4500 | ||
|---|---|---|---|
| 001 | WB3128-61 | ||
| 008 | 090401t1995 xxu||||| |||| 00| 0 eng d | ||
| 035 | _a(Sirsi) u35796 | ||
| 041 | _aeng | ||
| 245 | _aWelsh investment share reduced | ||
| 260 | _c1995 | ||
| 350 | _a0 | ||
| 490 |
_aFinancial Times _v20 July 1995, 8 |
||
| 520 | _aIts annual report shows that in its first full year under new management the Welsh Development Agency won a smaller share on inward investment and failed to met its job creation target. | ||
| 650 | _aINWARD INVESTMENT | ||
| 650 | _aJOB CREATION | ||
| 650 | _aREGIONAL AID | ||
| 650 | _aWALES | ||
| 650 | _aWELSH DEVELOPMENT AGENCY | ||
| 690 | _aURBAN RENEWAL | ||
| 942 | _n0 | ||
| 948 | _c04/03/1997 | ||
| 999 |
_c23405 _d23405 |
||